Zero Carbon Britain 2030 (Record no. 82438)
[ view plain ]
| 000 -LEADER | |
|---|---|
| fixed length control field | 01204cad a22002055a 4500 |
| 001 - CONTROL NUMBER | |
| control field | L150279 |
| 008 - FIXED-LENGTH DATA ELEMENTS--GENERAL INFORMATION | |
| fixed length control field | 100618e2010 xxk 000 0 eng d |
| 035 ## - SYSTEM CONTROL NUMBER | |
| System control number | (Sirsi) u150279 |
| 041 0# - LANGUAGE CODE | |
| Language code of text/sound track or separate title | eng |
| 110 2# - MAIN ENTRY--CORPORATE NAME | |
| Corporate name or jurisdiction name as entry element | Centre for Alternative Technology |
| 9 (RLIN) | 5863 |
| 245 00 - TITLE STATEMENT | |
| Title | Zero Carbon Britain 2030 |
| Remainder of title | A new energy strategy |
| -- | The Second Report of the Zero Carbon Britain Project |
| Medium | [electronic resource] |
| 260 ## - PUBLICATION, DISTRIBUTION, ETC. | |
| Place of publication, distribution, etc. | Llwyngwern |
| Name of publisher, distributor, etc. | CAT Publishers |
| Date of publication, distribution, etc. | 2010 |
| 505 ## - FORMATTED CONTENTS NOTE | |
| Formatted contents note | Executive Summary -- Introduction -- Context -- Powerdown -- Landuse -- Powerup -- Framework -- Conclusions |
| 520 ## - SUMMARY, ETC. | |
| Summary, etc. | Zerocarbonbritain2030 provides integrated solutions to climate change. Examines how efficient service provision can meet heating and electricity requirements while still decreasing carbon dioxide, methane, nitrous oxide and other emissions. Includes proposals to improve efficiency using a smart grid or microgrid networks to harness clean energy from renewables. |
| 590 ## - LOCAL NOTE (RLIN) | |
| Local note | KA NTK |
| 651 #4 - SUBJECT ADDED ENTRY--GEOGRAPHIC NAME | |
| Geographic name | United Kingdom |
| Chronological subdivision | |
| 690 ## - LOCAL SUBJECT ADDED ENTRY--TOPICAL TERM (OCLC, RLIN) | |
| Topical term or geographic name as entry element | ENVIRONMENTAL AND LAND CONSULTANCY-ENERGY-ENERGY USE-ENERGY EFFICIENCY |
| 856 40 - ELECTRONIC LOCATION AND ACCESS | |
| Uniform Resource Identifier | <a href="https://www.zcb2030.org/downloads/ZCB2030.pdf">https://www.zcb2030.org/downloads/ZCB2030.pdf</a> |
| Public note | View this item free of charge at www.zcb2030.org/ |
| 942 ## - ADDED ENTRY ELEMENTS (KOHA) | |
| Suppress in OPAC | 0 |
| Withdrawn status | Lost status | Source of classification or shelving scheme | Damaged status | Not for loan | Home library | Current library | Shelving location | Date acquired | Total Checkouts | Full call number | Barcode | Date last seen | Copy number | Price effective from | Koha item type |
|---|---|---|---|---|---|---|---|---|---|---|---|---|---|---|---|
| Dewey Decimal Classification | Virtual | Virtual | Online | 18/06/2010 | ONLINE PUBLICATION | 150279-2001 | 06/08/2019 | 1 | 06/08/2019 | Book |